|
|
|
|
| LEADER |
01721nam a2200349 a 4500 |
| 001 |
00017811 |
| 003 |
BD-DhAAL |
| 005 |
20250310152146.0 |
| 008 |
100314s2009 nyu 000 0 eng d |
| 010 |
|
|
|a 2007027216
|
| 020 |
|
|
|a 9780071544795
|
| 020 |
|
|
|a 0071544798 (alk. paper)
|
| 020 |
|
|
|a 9781856695497
|
| 040 |
|
|
|a DLC
|c DLC
|d DLC
|d DB-DhAAL
|
| 082 |
0 |
0 |
|a 720.9
|2 22
|
| 100 |
1 |
|
|a Fazio, Michael W.
|9 5355
|
| 245 |
1 |
2 |
|a A world history of architecture /
|c Michael Fazio, Marian Moffett, Lawrence Wodehouse.
|
| 250 |
|
|
|a Second edition.
|
| 260 |
|
|
|a New York ;
|a London :
|b Laurence King,
|c 2008.
|
| 300 |
|
|
|a xvi, 592 p. :
|b ill. (chiefly col.), col. maps, plans ;
|c 30 cm
|
| 500 |
|
|
|a Rev. ed. of: A world history of architecture / Marian Moffett, Michael Fazio, Lawrence Wodehouse. c2004.
|
| 526 |
|
|
|a ARC
|x Md. Shajjad Hossain,
Faculty members of the Department of Architecture
|
| 541 |
1 |
|
|e 00017811
|a Zeenat Book Supply Ltd
|
| 650 |
|
0 |
|a Architecture
|x History.
|9 5356
|
| 700 |
1 |
|
|a Moffett, Marian.
|9 5357
|
| 700 |
1 |
|
|a Wodehouse, Lawrence.
|9 5358
|
| 700 |
1 |
|
|a Moffett, Marian.
|t World history of architecture.
|9 5359
|
| 852 |
4 |
|
|a Ayesha Abed Library
|c General Stacks
|
| 942 |
|
|
|2 ddc
|c BK
|
| 999 |
|
|
|c 7770
|d 7770
|
| 952 |
|
|
|0 0
|1 4
|2 ddc
|4 0
|6 720_900000000000000_FAR
|7 0
|9 8599
|a BRACUL
|b BRACUL
|c GEN
|d 2010-03-15
|e Zeenat Book Supply Limited
|g 4050.00
|l 0
|o 720.9 FAR
|p 3010017811
|r 2010-03-15
|t 1
|w 2010-03-15
|y BK
|x Koha Inventory 2020 ; Requisitioned by Md. Shajjad Hossain (Faculty members of the Department of Architecture)
|
| 952 |
|
|
|0 0
|1 0
|2 ddc
|4 0
|6 720_900000000000000_FAZ
|7 0
|9 43096
|a BRACUL
|b BRACUL
|c GEN
|d 2014-07-10
|e Trim Education
|g 6500.00
|l 2
|m 36
|o 720.9 FAZ
|p 3010028169
|r 2022-12-19
|s 2022-10-22
|t 2
|w 2014-07-10
|y BK
|